| 000 | 00825cam a2200217 4500 | ||
|---|---|---|---|
| 001 | WB3638-25 | ||
| 008 | 000000n2000 000 0 eng u | ||
| 035 | _a(Sirsi) u108453 | ||
| 245 | _aTeams to aid rural revival | ||
| 260 | _c2000 | ||
| 490 |
_aIndependent on Sunday _v24 September 2000, 10(2) |
||
| 520 | _aMarket towns suffering from agricultural decline will receive a £40m boost from the government. Plans will be set out in the government's rural White Paper (due November), include planning teams advising local communities on business, transport and building developments to improve local economies. | ||
| 590 | _aWB | ||
| 650 | _aMARKET TOWNS | ||
| 650 | _aRURAL WHITE PAPER | ||
| 650 | _aFUNDING | ||
| 650 | _aGOVERNMENT POLICY | ||
| 650 | _aRURAL ECONOMY | ||
| 690 | _aREGENERATION | ||
| 942 | _n0 | ||
| 999 |
_c64754 _d64754 |
||